Datum a čas kvízu
29
Celkem bodů
Celkový počet nahraných bodů na tomto kvízu bez doplňovacích otázek.
9.
Pořadí na kvízu
Konečné umístění týmu na tomto kvízu.
Zaznamenané odpovědi
| # | Otázka | Odpověď | Body | Výsledky |
|---|---|---|---|---|
| 1. | V úterý organizace Dárek pro P... | po Daně Drábové | 1 | |
| 2. | Která z asijských zemí si vůbe... | Japonsko; Irsko | 0.5 | |
| 3. | Ve Vatikánu se po 491 letech u... | Karel III. | 1 | |
| 4. | Na Islandu byl zaznamenán prvn... | komár | 1 | |
| 5. | Kterému zimnímu sportu se věnu... | biatlonu | 0 | |
| 6. | Dnešní zeměpisné téma otevírám... | Golčův Jeníkov, Gmünd | 1 | |
| 7. | Které z následujících tvrzení... | C | 1 | |
| 8. | V další otázce bude vaším úkol... | 1B 2C 3D 4A | 0 | |
| 9. | Napište název města obsahující... | Nagasaki | 0 | |
| 10. | V této koláži jsou spojené vla... | Gruzie, Guatemala | 0 |